00702nam a2200241 a 4500001001300000003000900013005001700022008004100039020001000080082001600090100002800106245002000134260004300154300000900197500003500206505002800241650001600269700002800285902000800313942000700321952011700328999001500445nice12345678IN_TiNIC20260116012515.0050524s1984 hyda grp 000 0 urd  ac10000a340.59bFAR aFaruqi, Anwarullah Khan aHaqiqat-Al-Fiqh aHyderabadbMajlis Ishaat-E-Uloomc1984 a404p aincludes index and biblioraphy2 aRef, Bibliography, Err. aIslamic-Law1 aFaruqi, Anwarullah Khan bSRS cBK 001040708StackRoom-aHMIbHMId2007-08-01g100.00l0o340.59 FARp011297r2007-08-01v100.00w2005-05-24yBK c7280d7280